Countries Without Vowels - Statistics

General Stats
  • This quiz has been taken 21 times
  • The average score is 14 of 15
Answer Stats
Without Vowels Answer % Correct
Chd Chad
100%
Chn China
100%
Dnmrk Denmark
100%
Grmny Germany
100%
Jpn Japan
100%
Nw Zlnd New Zealand
100%
Swtzrlnd Switzerland
100%
Ghn Ghana
95%
Ksv Kosovo
95%
Ngr Niger
95%
Rss Russia
95%
blze Belize
90%
Cnd Canada
90%
rgntn Argentina
86%
strl Australia
71%
No matching quizzes found
Score Distribution
Percent of People with Each Score
Percentile by Number Answered
Your Score History
You have not taken this quiz